Corrientes alternas : (1ª y 2ª parte) (1ª y 2ª parte)
Publicado:
Barcelona :
Servicio de Extensión de Enseñanzas Técnicas de la Diputación Provincial de Barcelona ,
1940
Descripción Física:
78 p. ; 22 cm
Otros Autores:
Servicio de Extensión de Enseñanzas Técnicas
Materias:
Corrents alterns
MARC
| LEADER | 00000nam a2200000Ia 4500 | ||
|---|---|---|---|
| 001 | 8527 | ||
| 008 | 160829s1940 xx 000 0 cat d | ||
| 080 | |a C-1-433 | ||
| 245 | |a Corrientes alternas : |b (1ª y 2ª parte) | ||
| 260 | |a Barcelona : |b Servicio de Extensión de Enseñanzas Técnicas de la Diputación Provincial de Barcelona, |c 1940 | ||
| 300 | |a 78 p. ; |c 22 cm | ||
| 650 | |a Corrents alterns |9 20970 | ||
| 700 | |a Servicio de Extensión de Enseñanzas Técnicas |9 22818 | ||
| 710 | 1 | |a Barcelona (Catalunya : Província). |b Diputació |9 52408 | |
| 901 | |a Arxiu | ||
| 942 | |n 1 | ||
| 952 | |0 0 |1 0 |4 0 |6 C1433 |7 1 |9 46551 |a Arxiu |b Arxiu |d 2016-12-01 |l 0 |o C-1-433 |p 8527 |r 2016-12-01 00:00:00 |w 2016-12-01 |y ARXIU | ||
| 999 | |c 50344 |d 50344 | ||